000 00278nam a22001337a 4500
003 SGT
020 _a9789355213099
082 _a820
_bS22B
100 _aBHATIA, RAJ KUMAR
245 _aSTRAY WRITTINGS
260 _bPRABHAT PAPERBACKS
_c2022
300 _a102
942 _2ddc
_cBK
999 _c29265
_d29265